|
|
|
|
| LEADER |
00940nam a22002297a 4500 |
| 001 |
AAL9680 |
| 003 |
BD-DhAAL |
| 005 |
20180714144208.0 |
| 008 |
180714m20101920B ||||| |||| 00| 0 en d |
| 999 |
|
|
|c 39739
|d 39739
|
| 020 |
|
|
|a 9789848815540
|
| 040 |
|
|
|a BD-DhAAL
|c BD-DhAAL
|
| 082 |
|
|
|a 891.4437
|
| 100 |
|
|
|a চট্টোপাধ্যায়, শরৎচন্দ্র
|9 27157
|
| 245 |
|
|
|a গৃহদাহ /
|c শরৎচন্দ্র চট্টোপাধ্যায়
|
| 260 |
|
|
|a ঢাকা :
|b ইউ পি এল,
|c ২০১০
|
| 300 |
|
|
|a ২২৩ পৃ. ;
|c ২২ সে. মি.
|
| 541 |
|
|
|e 9680
|
| 650 |
|
|
|a Bengali fiction
|9 27158
|
| 852 |
|
|
|a Savar Campus Library
|c General Shelf
|
| 942 |
|
|
|2 ddc
|c BK
|
| 952 |
|
|
|0 0
|1 0
|2 ddc
|4 0
|6 891_443700000000000_CHA
|7 0
|9 63767
|a SCL
|b SCL
|c GEN
|d 2018-07-14
|e Development Book Agency
|g 180.00
|l 18
|m 30
|o 891.4437 CHA
|p 3020009680
|r 2025-01-05
|s 2024-12-12
|t 1
|w 2018-07-14
|y BK
|